Biggest sources of immigrants to Minnesota - Statistics

General Stats
  • This quiz has been taken 27 times
  • The average score is 8 of 10
Answer Stats
Hint Answer % Correct
62,297 Mexico
100%
12,236 Canada
91%
12,758 China
83%
30,000 India
83%
11,006 Philippines
83%
21,397 Vietnam
83%
6,441 Germany
74%
7,191 El Salvador
70%
11,855 Korea
70%
6,359 Russia
70%
No matching quizzes found
Score Distribution
Percent of People with Each Score
Percentile by Number Answered
Your Score History
You have not taken this quiz